Statistics for Coldest Major U.S Cities in the Summer

Click here to take the quiz!

General Stats

  • This quiz has been taken 593 times
  • The average score is 5 of 10

Answer Stats

FCityC% Correct
66Seattle19
97%
67Portland20
92%
61San Francisco16
71%
71Milwaukee22
55%
70Buffalo21
54%
69San Jose21
43%
71Pittsburgh22
35%
70Rochester21
28%
70San Diego21
26%
71Grand Rapids22
10%

Score Distribution

Percentile by Number Answered

Percent of People with Each Score

Your Score History

You have not taken this quiz